Možnosti prepojenia programovacích jazykov R a Python bakalárska práca

Enregistré dans:
Détails bibliographiques
Auteur principal: Stracenská, Alena
Collectivité auteur: Fakulta hospodárskej informatiky EU. Katedra matematiky a aktuárstva
Autres auteurs: Páleš, Michal, 1984-
Format: Livre
Langue:slovaque
Publié: Bratislava 2021
Tags: Ajouter un tag
Pas de tags, Soyez le premier à ajouter un tag!

MARC

LEADER 00000nbm a2200000 4500
001 0276208
005 20220311132416.6
041 0 |a slo 
044 |a SK 
245 1 0 |a Možnosti prepojenia programovacích jazykov R a Python  |b bakalárska práca  |c Alena Stracenská ; školiteľ: Michal Páleš 
264 1 |a Bratislava  |c 2021 
300 |a 46 s. 
100 1 |a Stracenská, Alena 
700 1 |a Páleš, Michal, 1984- 
710 2 |a Fakulta hospodárskej informatiky EU. Katedra matematiky a aktuárstva